000 00579nam a2200181Ia 4500
008 090124s9999 xx 000 0 und d
082 _b114250
100 _aपाटील के.डी.
245 _a अंधेरी नगरी चौपट राजा
250 _a1
260 _c1971
300 _a104
600 _aपाटील के.डी.
630 _a अंधेरी नगरी चौपट राजा
700 _aपाटील के.डी.
730 _a अंधेरी नगरी चौपट राजा
942 _cBOOK
999 _c160341
_d160341